Gobernabilidad, capacidad de gobierno y seguridad humana : un marco de referencia para el estudio comparativo de las políticas de ajuste estructural en América Latina /
Tallennettuna:
| Päätekijä: | |
|---|---|
| Aineistotyyppi: | Tuntematon |
| Kieli: | Spanish |
| Julkaistu: |
Guatemala :
Asociación para el Avance de las Ciencias Sociales,
1995.
|
| Sarja: | (Texto para debate ;
número 7) |
| Aiheet: | |
| Tagit: |
Lisää tagi
Ei tageja, Lisää ensimmäinen tagi!
|
MARC
| LEADER | 000000000a22000000004500 | ||
|---|---|---|---|
| 001 | 002487 | ||
| 041 | 0 | |a spa | |
| 082 | 0 | 4 | |a 330.972.8 |b N383g AVANCSO |
| 100 | 1 | |a Nef, Jorge | |
| 245 | 1 | 0 | |a Gobernabilidad, capacidad de gobierno y seguridad humana : |b un marco de referencia para el estudio comparativo de las políticas de ajuste estructural en América Latina / |c Jorge Nef. |
| 260 | 1 | |a Guatemala : |b Asociación para el Avance de las Ciencias Sociales, |c 1995. | |
| 300 | |a 30 páginas | ||
| 490 | 1 | |a (Texto para debate ; |v número 7) | |
| 500 | |a Ponencia presentada en el primer seminario taller sobre "El impacto del cambiante contexto iternacional sobre países de la Cuenca del Caribe", en Tlaxcala, México, mayo de 1992 | ||
| 650 | 4 | |a AMERICA LATINA | |
| 650 | 4 | |a POLITICA ECONOMICA | |
| 650 | 4 | |a CONDICIONES ECONOMICAS | |
| 650 | 4 | |a PAE | |
| 999 | |c 8920 |d 8920 | ||
| 942 | |c BK |h 330.972.8 N383g AVANCSO |2 z | ||
